Human behavior; (Record no. 127306)
[ view plain ]
| 000 -LEADER | |
|---|---|
| fixed length control field | 00977cam a22002891 4500 |
| 001 - CONTROL NUMBER | |
| control field | 7984735 |
| 003 - CONTROL NUMBER IDENTIFIER | |
| control field | ARRUPE |
| 005 - DATE AND TIME OF LATEST TRANSACTION | |
| control field | 20180108124431.0 |
| 008 - FIXED-LENGTH DATA ELEMENTS--GENERAL INFORMATION | |
| fixed length control field | 720301s1964 nyua b 000 0 eng |
| 010 ## - LIBRARY OF CONGRESS CONTROL NUMBER | |
| LC control number | 64011621 |
| 035 ## - SYSTEM CONTROL NUMBER | |
| System control number | (OCoLC)253955 |
| 040 ## - CATALOGING SOURCE | |
| Original cataloging agency | DLC |
| Transcribing agency | ODaWU |
| Modifying agency | OCoLC |
| -- | InU-D |
| -- | OCoLC |
| -- | ViNEVM |
| -- | OCoLC |
| -- | DLC |
| 042 ## - AUTHENTICATION CODE | |
| Authentication code | premarc |
| 050 00 - LIBRARY OF CONGRESS CALL NUMBER | |
| Classification number | HM51 |
| Item number | .B42 |
| 060 0# - NATIONAL LIBRARY OF MEDICINE CALL NUMBER | |
| Classification number | HM 251 |
| Item number | B487h 1964 |
| 082 ## - DEWEY DECIMAL CLASSIFICATION NUMBER | |
| Classification number | 301 |
| 300 ## - PHYSICAL DESCRIPTION | |
| Other physical details | illus. |
| Dimensions | 24 cm. |
| 100 1# - MAIN ENTRY--PERSONAL NAME | |
| Personal name | Berelson, Bernard, |
| Dates associated with a name | 1912-1979. |
| 9 (RLIN) | 38291 |
| 245 10 - TITLE STATEMENT | |
| Title | Human behavior; |
| Remainder of title | an inventory of scientific findings |
| Statement of responsibility, etc | [by] Bernard Berelson [and] Gary A. Steiner. |
| 260 ## - PUBLICATION, DISTRIBUTION, ETC. (IMPRINT) | |
| Place of publication, distribution, etc | New York, |
| Name of publisher, distributor, etc | Harcourt, Brace & World |
| Date of publication, distribution, etc | [c1964] |
| 300 ## - PHYSICAL DESCRIPTION | |
| Extent | xxiii, 712 p. |
| 504 ## - BIBLIOGRAPHY, ETC. NOTE | |
| Bibliography, etc | Includes bibliographies. |
| 650 #0 - SUBJECT ADDED ENTRY--TOPICAL TERM | |
| Topical term or geographic name as entry element | Sociology. |
| 9 (RLIN) | 38292 |
| 650 #0 - SUBJECT ADDED ENTRY--TOPICAL TERM | |
| Topical term or geographic name as entry element | Psychology. |
| 9 (RLIN) | 20 |
| 700 1# - ADDED ENTRY--PERSONAL NAME | |
| Personal name | Steiner, Gary Albert, |
| Dates associated with a name | 1931-1966, |
| Relator term | joint author. |
| 9 (RLIN) | 38293 |
| 906 ## - LOCAL DATA ELEMENT F, LDF (RLIN) | |
| a | 7 |
| b | cbc |
| c | oclcrpl |
| d | u |
| e | ncip |
| f | 19 |
| g | y-gencatlg |
| 942 ## - ADDED ENTRY ELEMENTS (KOHA) | |
| Source of classification or shelving scheme | Library of Congress Classification |
| Koha item type | Monograph ( Printed materials) |
| Withdrawn status | Lost status | Source of classification or shelving scheme | Damaged status | Not for loan | Collection code | Home library | Current library | Shelving location | Date acquired | Total Checkouts | Full call number | Barcode | Date last seen | Date checked out | Price effective from | Koha item type |
|---|---|---|---|---|---|---|---|---|---|---|---|---|---|---|---|---|
| Library of Congress Classification | Main Collection | ARRUPE LIBRARY | ARRUPE LIBRARY | Main Collection | 08/01/2018 | 3 | HM51 .B42 | 46003010476 | 30/04/2018 | 05/02/2018 | 08/01/2018 | Monograph ( Printed materials) |